Normale Ansicht MARC-Ansicht ISBD

Kirche im Osten : (Titelsatznr. 7337)

[ MARC ]
MARC-Details
000 -Satzkennung
Kontrollfeld mit fester Länge 00724nac a22001811ca4500
001 - Kontrollnummer
Kontrollfeld a987694409
008 - Feld mit fester Länge zur physischen Beschreibung - Allgemeine Angaben
Kontrollfeld mit fester Länge 200716m1958 gw |||| 000u ger d
020 ## - Internationale Standardbuchnummer
Internationale Standardbuchnummer 3525563809
Verknüpfung 3-525-56380-9
041 ## - Sprachcode
Sprachcode des Textes/der Tonspur oder des separaten Titels ger
040 ## - Katalogisierungsquelle
Übertragungsstelle RU-10907106
003 - Kontrollnummer Identifier
Kontrollfeld RU-10907106
245 00 - Titel
Titel Kirche im Osten :
Zusatz zum Titel Studien zur osteuropäischen Kirchengeschichte und Kirchenkunde /
Verfasserangabe etc. Im Auftrag des Ostkirchenausschusses der Evangelischen Kirche in Deutschland und in Verbindung mit dem Ostkirchen-Institut der Westfälischen Wilhelms-Universität Münster ; Herausgegeben von Peter Hauptmann
264 ## - Produktion, Veröffentlichung, Distribution, Herstellung und Urheberrechtsvermerk
Herstellungs-, Veröffentlichungs- Vertriebs-, Erzeugungsort Göttingen :
Produzent, Herausgeber, Distributor, Hersteller Vanderboeck & Ruprecht,
Datum der Herstellung, der Veröffentlichung, des Vertriebs oder des Urheberschutzvermerks 1958-
300 ## - Physische Beschreibung
Umfang Bände
700 1# - Nebeneintragung - Personenname
Personenname Hauptmann, Peter
Funktionsbezeichnung HerausgeberIn
942 ## - Zusätzliche Felder (Koha)
Koha-Medientyp Monographien
Exemplare
Ausgeschieden Verloren Klassifikation oder Aufstellungssystematik Beschädigt Nicht entleihbar Heimatbibliothek Aufenthaltsbibliothek Aufstellungsort Erwerbungsdatum Signatur Barcode Letzte Aktivität Preis gültig von Koha-Medientyp
    Andere/Generische Klassifikation     MWN Osteuropa MWN Osteuropa Lesesaal - 1 16/07/2020 [mehrbändig! Sign. s. bei den Bänden] 7339 23/02/2021 22/03/2021 Monographien